Normal view
MARC view
- Sánchez, Ana María
Entry Nombre Personal
001 - NUMERO DE CONTROL
- campo de control: 43808
003 - IDENTIFICADOR DE NUMERO DE CONTROL
- campo de control: DLC
005 - FECHA Y HORA DE LA ÜLTIMA TRANSACCIÓN
- campo de control: 20220218100712.0
008 - DATOS DE LONGITUD FIJA
- campo de control de longitud fija: 980702n| azannaabn |a aaa d
010 ## - NÚMERO DE CONTROL DE LA BIBLIOTECA DEL CONGRESO
- Número de control LC: nr 98024801
040 ## - FUENTE DE CATALOGACIÓN
- Agencia original de catalogación: UPB
- Lenguaje de catalogación: spa
- Agencia de transcripción: UPB
- Agencia que lo modifica: OCoLC
- Agencia que lo modifica: UPB
- Agencia que lo modifica: MX-MxUPN
053 #4 - NÚMERO DE CLASIFICACIÓN LC
- Número de clasificación elemento-número único o número inicial de tramo: PQ7298.29.A41417
100 1# - ENCABEZAMIENTO - NOMBRE PERSONAL
- Nombre personal: Sánchez, Ana María
400 1# - VEÁSE - NOMBRE DE PERSONA
- Personal name: Sánchez Mora, Ana María
670 ## - FUENTE EN LA QUE SE LOCALIZARON DATOS
- Cita de la fuente: La otra cara, 1997:
- Información localizada: portada (Ana María Sánchez) verso de la portada (Ana María Sánchez Mora)
670 ## - FUENTE EN LA QUE SE LOCALIZARON DATOS
- Cita de la fuente: La vida dispareja, 2020:
- Información localizada: portada (Ana María Sánchez Mora)
670 ## - FUENTE EN LA QUE SE LOCALIZARON DATOS
- Cita de la fuente: Manual de redacción de textos técnico-científicos, 2019:
- Información localizada: portada (Ana María Sánchez Mora)
902 ## - CATALOGADOR
- Catalogador: VRC/180222
